000 00903nam a2200277Ia 4500
003 OSt
005 20221005073145.0
006 a|||||r|||| 00| 0
007 ta
008 221004b |||||||| |||| 00| 0 eng d
020 _a8182200784
_c2450
024 _a82129
037 _b2065, 30/03/2005, Global Vision Publishing House
_cTextual
040 _aCRL
_cCRL
_beng
041 _2eng
_aeng
082 _aY73(P15):1.B82<---B76, P5.1-.2
100 _aChatterjee Lakshmi
_9607739
245 0 _aHeritage of Harappa
260 _aNew Delhi
_bGlobal Vision Publishing House India
_c2005
300 _a468p.
_ccm.
650 _a INDIA - CIVILIZATION
650 _a SOCIOLOGY
650 _aETHNOLOGY - INDIA
_9270965
942 _hY73(P15):1.B82<---B76, P5.1-.2
_cTEXL
_2cc
999 _c980650
_d980650